KAS : Purvabhavi pariksheya siddhategagi (Record no. 231358)

MARC details
000 -LEADER
fixed length control field 01924nam a22002177a 4500
005 - DATE AND TIME OF LATEST TRANSACTION
control field 20250805093401.0
008 - FIXED-LENGTH DATA ELEMENTS--GENERAL INFORMATION
fixed length control field 240702b ||||| |||| 00| 0 eng d
040 ## - CATALOGING SOURCE
Transcribing agency AL
041 ## - LANGUAGE CODE
Language code of text/sound track or separate title kan
082 ## - DEWEY DECIMAL CLASSIFICATION NUMBER
Edition number 23
Classification number 351.3K
Item number BALK
100 ## - MAIN ENTRY--PERSONAL NAME
Personal name A Balaraju
100 ## - MAIN ENTRY--PERSONAL NAME
9 (RLIN) 233841
100 ## - MAIN ENTRY--PERSONAL NAME
9 (RLIN) 172663
Dates associated with a name ಎ ಬಾಲರಾಜು
245 ## - TITLE STATEMENT
Title KAS : Purvabhavi pariksheya siddhategagi
Remainder of title : ಕೆಎಎಸ್ ಪೂರ್ವಭಾವಿ ಪರೀಕ್ಷೆಯ ಸಿಧ್ಧತೆಗಾಗಿ
260 ## - PUBLICATION, DISTRIBUTION, ETC.
Place of publication, distribution, etc. Kolara
Name of publisher, distributor, etc. SMV Publications
Date of publication, distribution, etc. 2023
300 ## - PHYSICAL DESCRIPTION
Extent iv,688p
Other physical details PB
Dimensions 24x17cm
365 ## - TRADE PRICE
Source of price type code Competitive Exam
Price type code 1201
Price amount 532.00
Currency code
Unit of pricing 665.00
Price note 20%
Price effective from 26-05-2024
520 ## - SUMMARY, ETC.
Summary, etc. ವಿಶೇಷತೆಗಳು:<br/>ಪ್ರತಿ ಪ್ರಶ್ನೆಗೂ ಸರಿ ಉತ್ತರದ ಜೊತೆಗೆ ಸಂಪೂರ್ಣ ವಿವರಣೆಯನ್ನು ನೀಡಲಾಗಿದೆ. ಹಿಂದಿನ ಹತ್ತು ಪ್ರಶ್ನೆಪತ್ರಿಕೆಗಳ ಸಾಮಾನ್ಯ ಅಧ್ಯಯನದ ಸರಿ ಉತ್ತರಗಳ ಸಂಪೂರ್ಣ ವಿವರಣೆಯೊಂದಿಗೆ ಸ್ಪರ್ಧಾರ್ಥಿಗಳ ಉಪಯುಕ್ತಕ್ಕಾಗಿ ಅಗತ್ಯವಿರುವ ಕಡೆ ಪಟ್ಟಿಗಳ ರೂಪದಲ್ಲಿ ಹೆಚ್ಚಿನ ಮಾಹಿತಿ ನೀಡಲಾಗಿದೆ. ಗಣಿತ, ಮಾನಸಿಕ ಸಾಮರ್ಥ್ಯದ ಸಮಸ್ಯೆಗಳನ್ನು ಸರಳ ಸುಲಭ ವಿಧಾನದಲ್ಲಿ ಬಿಡಿಸಲಾಗಿದೆ. ಹೊಸ ಪಠ್ಯಕ್ರಮ ನಡೆದ ಪೂರ್ವಭಾವಿ ಪರೀಕ್ಷೆಯ ಹಿಂದಿನ ಹತ್ತು ಸಾಮಾನ್ಯ ಅಧ್ಯಯನದ ಪ್ರಶ್ನೆಪತ್ರಿಕೆಗಳ ಸರಿ ಉತ್ತರಗಳ ಸಂಪೂರ್ಣ ವಿವರಣೆಯೊಂದಿಗೆ
650 ## - SUBJECT ADDED ENTRY--TOPICAL TERM
Topical term or geographic name entry element Civil Service
9 (RLIN) 172292
650 ## - SUBJECT ADDED ENTRY--TOPICAL TERM
Topical term or geographic name entry element Competitive Exam
9 (RLIN) 172293
942 ## - ADDED ENTRY ELEMENTS (KOHA)
Source of classification or shelving scheme Dewey Decimal Classification
Koha item type Book
Holdings
Withdrawn status Lost status Source of classification or shelving scheme Damaged status Not for loan Collection code Home library Current library Date acquired Source of acquisition Cost, normal purchase price Total Checkouts Full call number Barcode Date last seen Date last checked out Cost, replacement price Price effective from Koha item type
    Dewey Decimal Classification     Others St Aloysius Library St Aloysius Library 06/03/2024 Biblios Book Point Surathkal Mangalore 575014 532.00 2 351.3K BALK 077218 01/15/2025 12/06/2024 665.00 07/02/2024 Book